
Library Catalogue

| 000 -LEADER | |
|---|---|
| fixed length control field | 01048cam a2200253 i 4500 |
| 001 - CONTROL NUMBER | |
| control field | 18270806 |
| 005 - DATE AND TIME OF LATEST TRANSACTION | |
| control field | 20260127092300.0 |
| 008 - FIXED-LENGTH DATA ELEMENTS--GENERAL INFORMATION | |
| fixed length control field | 140818s2014 enk b 001 0 eng |
| 020 ## - INTERNATIONAL STANDARD BOOK NUMBER | |
| International Standard Book Number | 9780230205536 |
| Qualifying information | (pbk.) |
| 020 ## - INTERNATIONAL STANDARD BOOK NUMBER | |
| International Standard Book Number | 0230205534 |
| Qualifying information | (pbk.) |
| 082 ## - DEWEY DECIMAL CLASSIFICATION NUMBER | |
| Classification number | 324.22 HAR |
| 100 1# - MAIN ENTRY--PERSONAL NAME | |
| Personal name | Hart, Paul 't, |
| 245 10 - TITLE STATEMENT | |
| Title | Understanding public leadership / |
| Statement of responsibility, etc. | Paul 't Hart. |
| 264 #1 - PRODUCTION, PUBLICATION, DISTRIBUTION, MANUFACTURE, AND COPYRIGHT NOTICE | |
| Place of production, publication, distribution, manufacture | London : |
| Name of producer, publisher, distributor, manufacturer | Palgrave, |
| Date of production, publication, distribution, manufacture, or copyright notice | 2014. |
| 300 ## - PHYSICAL DESCRIPTION | |
| Extent | xvi, 220 p. ; |
| Dimensions | 24 cm. |
| 490 0# - SERIES STATEMENT | |
| Series statement | The public management and leadership series |
| 505 0# - FORMATTED CONTENTS NOTE | |
| Formatted contents note | 1. Unlocking Public Leadership -- 2. The Work of Public Leadership -- 3. Leading with Authority -- 4. Leading with Others -- 5. Leading in Context -- 6. Leading in Crises -- 7. Evaluating Public Leadership -- 8. Memo to an Agent of Change -- 9. Retrofitting Public Leadership. |
| 650 #0 - SUBJECT ADDED ENTRY--TOPICAL TERM | |
| Topical term or geographic name entry element | Political leadership. |
| 650 #0 - SUBJECT ADDED ENTRY--TOPICAL TERM | |
| Topical term or geographic name entry element | Leadership. |
| 650 #0 - SUBJECT ADDED ENTRY--TOPICAL TERM | |
| Topical term or geographic name entry element | Civic leaders. |
| 650 #0 - SUBJECT ADDED ENTRY--TOPICAL TERM | |
| Topical term or geographic name entry element | Community leadership. |
| 856 41 - ELECTRONIC LOCATION AND ACCESS | |
| Materials specified | Table of contents |
| Uniform Resource Identifier | <a href="http://www.loc.gov/catdir/enhancements/fy1604/2014028980-t.html">http://www.loc.gov/catdir/enhancements/fy1604/2014028980-t.html</a> |
| 942 ## - ADDED ENTRY ELEMENTS (KOHA) | |
| Source of classification or shelving scheme | Dewey Decimal Classification |
| Koha item type | BOOKs |
| Withdrawn status | Lost status | Damaged status | Not for loan | Collection code | Home library | Current library | Shelving location | Date acquired | Total Checkouts | Full call number | Barcode | Date last seen | Price effective from | Koha item type |
|---|---|---|---|---|---|---|---|---|---|---|---|---|---|---|
| . | . | General Stacks | 05.11.2018 | 324.22 HAR | 35315 | 05.11.2018 | 05.11.2018 | BOOKs |